Normal view
MARC view
- الجغرافية البشرية-اصول
Entry Topical Term
001 - CONTROL NUMBER
- control field: 13269
003 - CONTROL NUMBER IDENTIFIER
- control field: JO-AjAnu
005 - DATE AND TIME OF LATEST TRANSACTION
- control field: 20230606072425.0
008 - FIXED-LENGTH DATA ELEMENTS
- fixed length control field: 230606|| aca||aabn | a|a d
040 ## - CATALOGING SOURCE
- Original cataloging agency: JO-AjAnu
- Transcribing agency: JO-AjAnu
150 ## - HEADING--TOPICAL TERM
- Topical term or geographic name entry element: الجغرافية البشرية-اصول
670 ## - SOURCE DATA FOUND
- Source citation: Work cat.: (JO-AjAnu)6827: الصقار، فؤاد محمد، م.مشارك الفيل، محمد رشيد, author 13268, أصول جغرافية البشرية